Computer concepts. / (Record no. 1691)
[ view plain ]
| 000 -LEADER | |
|---|---|
| fixed length control field | 00916nam a22002057a 4500 |
| 008 - FIXED-LENGTH DATA ELEMENTS--GENERAL INFORMATION | |
| fixed length control field | 120716t xxu||||| |||| 00| 0 eng d |
| 020 ## - INTERNATIONAL STANDARD BOOK NUMBER | |
| International Standard Book Number | 139781418860387 |
| 050 ## - LIBRARY OF CONGRESS CALL NUMBER | |
| Classification number | QA76.P3555 |
| 100 ## - MAIN ENTRY--PERSONAL NAME | |
| Personal name | Parsons, June Jamrich. |
| 245 ## - TITLE STATEMENT | |
| Title | Computer concepts. / |
| Statement of responsibility, etc. | June Jamrich Parsons. |
| 250 ## - EDITION STATEMENT | |
| Edition statement | 6th ed. |
| 260 ## - PUBLICATION, DISTRIBUTION, ETC. | |
| Place of publication, distribution, etc. | Australia: |
| Name of publisher, distributor, etc. | Thomson, |
| Date of publication, distribution, etc. | 2007. |
| 300 ## - PHYSICAL DESCRIPTION | |
| Extent | xxiv, 440 p.: |
| Other physical details | ill.; |
| Dimensions | 28cm. |
| 500 ## - GENERAL NOTE | |
| General note | Includes index and glossary. |
| 505 ## - FORMATTED CONTENTS NOTE | |
| Formatted contents note | Contents: Computer and internet basics -- Computer hardware -- Computer software -- Digital electronics and file management -- Networks and the internet -- Data security -- The Web and E-commerce -- Digital media -- Information systems basics -- Database basics -- Computer programming basics -- The Computer industry and careers. |
| 650 ## - SUBJECT ADDED ENTRY--TOPICAL TERM | |
| Topical term or geographic name entry element | Computer science. |
| 650 ## - SUBJECT ADDED ENTRY--TOPICAL TERM | |
| Topical term or geographic name entry element | Computer science |
| General subdivision | Problems, exercises, etc. |
| 700 ## - ADDED ENTRY--PERSONAL NAME | |
| Personal name | Oja, Dan. |
| 942 ## - ADDED ENTRY ELEMENTS (KOHA) | |
| Source of classification or shelving scheme | Library of Congress Classification |
| Koha item type | Books |
| Withdrawn status | Lost status | Source of classification or shelving scheme | Damaged status | Not for loan | Home library | Current library | Shelving location | Date acquired | Total Checkouts | Full call number | Barcode | Date last seen | Copy number | Price effective from | Koha item type |
|---|---|---|---|---|---|---|---|---|---|---|---|---|---|---|---|
| Library of Congress Classification | WISCONSIN INTERNATIONAL UNIVERSITY COLLEGE, GHANA - MAIN LIBRARY | WISCONSIN INTERNATIONAL UNIVERSITY COLLEGE, GHANA - MAIN LIBRARY | General Stacks | 16/07/2012 | QA76.P3555 | 5325/12 | 16/07/2012 | 1 | 16/07/2012 | Books | |||||
| Library of Congress Classification | WISCONSIN INTERNATIONAL UNIVERSITY COLLEGE, GHANA - MAIN LIBRARY | WISCONSIN INTERNATIONAL UNIVERSITY COLLEGE, GHANA - MAIN LIBRARY | General Stacks | 16/07/2012 | QA76.P35551 | 5326/12 | 16/07/2012 | 2 | 16/07/2012 | Books | |||||
| Library of Congress Classification | WISCONSIN INTERNATIONAL UNIVERSITY COLLEGE, GHANA - MAIN LIBRARY | WISCONSIN INTERNATIONAL UNIVERSITY COLLEGE, GHANA - MAIN LIBRARY | General Stacks | 16/07/2012 | QA76.P35552 | 5327/12 | 16/07/2012 | 3 | 16/07/2012 | Books |
